000 00293nam a2200133Ia 4500
008 230312s9999||||xx |||||||||||||| ||und||
082 _a891.4
_bHAM-Q
100 _aHameed, A
245 0 _aQissa Akhri Dervaish Ka
260 _bSangeMeel
300 _a239
650 _aLiterature
942 _cBK
999 _c8704
_d8704